| 000 | 00369nam a2200145Ia 4500 | ||
|---|---|---|---|
| 008 | 230917s9999||||xx |||||||||||||| ||und|| | ||
| 040 |
_e123755 _aMAIN |
||
| 041 | _aEnglish | ||
| 082 | _a613.7018 S13S | ||
| 100 | _aShah, Dhananjay | ||
| 245 | 0 | _aSharirik shiksha me shankhyiki | |
| 260 |
_aNew Delhi _bSports Publications _c2008 |
||
| 300 | _a236p. p. | ||
| 942 | _cBK | ||
| 999 |
_c144245 _d144245 |
||